00675 2200193 4500245008800000020002300088250001100111700001600122700001800138700001800156650003600174005001900210260003300229041001400262084000800276500015200284490003600436336000900472 aSejarah Nasional Indonesia Volume 6 ( Kepulauan Nusantara Awal )cY. AgustonohText a978-979-3535-418-8 aCet. 2 aY. Agustono aReny Abarwati aNino Oktorino aEnsiklopedia Sejarah Dan Budaya a20231124100015 aJakartabLENTERA ABADIc2009 aIndonesia a903 aDaftar Isi : Kepulauan Nusantara Awal ( Terbentuknya Kepulauan Nusantara, Kehidupan Manusia Pertama Di Nusantara, Leluhur Modern Bangsa Indonesia ) aEnsiklopedia Sejarah Dan Budaya atext